000 00463nam a2200157Ia 4500
008 100122s9999 xx 000 0 und d
082 _b23829
_a913.54
100 _aमिराशी वा वि
245 _aसंशोधन मुक्तावली 4
250 _a0
260 _c1971
300 _a50
630 _aसंशोधन मुक्तावली 4
730 _aसंशोधन मुक्तावली 4
942 _cBOOK
999 _c411361
_d411358